MDQL
is popping MORE tags! Check the
thread
!
Quizzes
Events
Quiz Creation
Community
Videos
Private Events
Remove Ads
Sign In
Join for FREE
Feedback
Dark Mode
Quiz Categories
Sports
Geography
Music
Movies
Television
Just For Fun
Miscellaneous
History
Literature
Language
Science
Gaming
Entertainment
Religion
Holiday
For Kids
Quiz Lab
Recent
Popular Today
Quiz Kudos Today
Editor Picks
Curator Picks
Quizzes by...
Day
Popularity
Type
Ratings
Length
Year
Community
Subscriptions
Recent Discussions
Orange Saloon
Badges
Playlists
Quests
Create
Leaderboards
Showdown
Live 5
Trivia Bingo
Activity
Puzzle Library
Sporcle Events
Private Events
Virtual Trivia
Globe League
Become a Host
Pub Owners
SporcleCon
Opinionation
Our Games
Videos
Blog
Mobile Apps
Partnerships
Remove Ads and Go Orange
Feedback
Geography
Country
Landmarks
City
State
Population
World
Capital
Continent
Flags
Europe
Africa
Asia
South America
North America
Oceania
Border
Canada
United Kingdom
Topography
United States
Geography
Country
Landmarks
City
State
Population
World
Capital
Continent
Flags
Europe
Africa
Asia
South America
North America
Oceania
Border
Canada
United Kingdom
Topography
United States
Random Quiz
Search Sporcle
×
Editor Pick
Editor Pick
Geography
Grab Bag
Type in answers that appear in a list
Type in answers that appear in a list
Classic
Best Score? Go Orange.
True or False: Geography II Stats
Can you name the correct answers to these statements related to geography?
By
pfrijiritr
5m
20 Questions
7,560 Plays
7,560 Plays
7,560 Plays
Comments
Comments
Give Quiz Kudos
Give Quiz Kudos
-
- Ratings
hide this ad
More Info
Forced Order
Answers have to be entered in order
Answers have to be entered in order
Wrong Answers
Some wrong answers will appear in red
Some wrong answers will appear in red
Replay
Link that replays current quiz
Next Quiz
Link to next quiz in quiz playlist
You Got
0%
They Got
Avg Score
61%
Avg Friend Score
Upgrade to see
Score Distribution
Jump to the score distribution portion of the page
Score
0/20
Timer
05:00
0
Plays Today
There is a country...
T or F
% Correct
...that owns a territory that is larger (by area) than the mainland.
???
84%
...that borders no countries that have land at or below sea level.
???
80.8%
...that is in the UN Security Council but doesn't have a red, white, and blue flag.
???
78.1%
...that has the country's name written on its flag.
???
76.9%
...that has a name with a Scrabble value of four.
???
76.1%
...that has a flag with a crescent but no star(s).
???
74.4%
...that touches the Equator and a tropics line.
???
73.4%
...that has more turkeys than humans.
???
72.2%
...that since 1900 had a life expectancy lower than 10.
???
71.5%
...in Europe that uses capital punishment.
???
63%
There is a country...
T or F
% Correct
...that has four capital cities.
???
60.6%
...that contains only land below sea level.
???
58.3%
...that has a flag with a different front and back.
???
56.8%
...that has a flag with less than four sides.
???
56.5%
...that has two z's in its name.
???
53.9%
...that has only horizontal or vertical straight lines as borders.
???
52.2%
...that is in the Arab League and has a predominantly white flag.
???
44%
...that has a capital city with name beginning with 'e'.
???
34.4%
...that has over 10,000 meters in elevation difference between its highest and lowest points.
???
33.2%
...that has a population density of less than one person per square km.
???
27%
Quiz Playlist
Details
Report
Send in Message
Add To Playlist
More Info:
Enter T for True, and F for False.
Classic:
Type in answers that appear in a list
Forced Order:
Answers have to be entered in order
Wrong Answers:
Some wrong answers will appear in red
Last Updated: Feb 16, 2017
Editor Pick in
Geography
Curator Pick in
Capital
Quiz Scoreboard
CHALLENGE
Sign Up to Join the Scoreboard
Show All
Scores
Hide
Comments
May contain spoilers
Recently Published
Colored Red Africa Blitz
by spor1
Geography
30s
Find the 'City' Movie
by crazypaving
Movies
60s
5x2 Blitz: Bands
by SL_Kpop136
Music
30s
More to Explore
Quiz From the Vault
Featured Blog Post
14 Easter Pick-up Lines to Find Eggs With
hide this ad
You Might Also Like...
Tags
Capital Quiz
Country Quiz
Flags Quiz
Grab Bag Quiz
Exist
Today's Top Quizzes in Geography
Browse Geography
hide this ad
Today's Top Quizzes in Grab Bag
Browse Grab Bag
Top Contributed Quizzes in Geography
1
Countries of the World - No Outlines Minefield
2
Colored Red Europe Blitz I
3
Colored Red Africa Blitz II
4
Colored Red Europe Blitz II
5
Colored Red Africa Blitz III
6
Colored Red Europe Blitz III
7
African Flag Reveal XLVI
8
Colored Red States Blitz I
9
Colored Red States Blitz II
10
Colored Red States Blitz III
Explore More
Trending Topics
NBA
Harry Potter
Disney
Marvel
Kpop
Crossword
Anime
Song
The Office
WWE
Soccer
NFL
Country
Puzzle
Pokémon
hide this ad
More By:
pfrijiritr
Quiz
Plays
Rating
Category
Featured
Created
True or False: Geography II
7,560
4.10
Geography
Aug 29, 2011
World's Richest Country by Year
4,385
3.89
Geography
Nov 5, 2011
Finger Test
2,634
1.85
Just For Fun
Oct 21, 2011
Countries by Native Names
1,193
3.00
Geography
Aug 29, 2011
Country by Google Autocompletes
1,192
2.22
Geography
Mar 27, 2013
Go to Creator's Profile
Score Distribution
Quiz Creator Spotlight
pfrijiritr
Follow
Send a Message
Quizzes Created
-
Created Quiz Play Count
-
More By This Creator
Popular Quizzes Today
1
Find the 'City' Movie
2
Colored Red Africa Blitz
3
Find the US States - No Outlines Minefield
4
5x2 Blitz: Bands
5
The Countries of the World
6
Find the US States
7
US States
8
9x9 Crossword: Cartoon Network
More Geography Quizzes
Rush to the Finish: Capitals II
Quiz Lab
Trending Quizzes
Colored Red Europe Blitz I
Colored Red Africa Blitz II
Colored Red Europe Blitz II
Colored Red Africa Blitz III
Colored Red Europe Blitz III
Recently Updated
2024 March Madness Bracket
pecheneg
Famous TV Couples
Peacemaker
Champions League XIs: Real Madrid
pecheneg
Largest US Cities 1790-2010
pecheneg
Rides in Walt Disney World
pecheneg
Most Oscar Losses (Acting)
pecheneg
Beyoncé Albums
pecheneg
Leaping Animals
pecheneg
Reality TV Shows (A-Z)
bhenderson79
Rickey Henderson's Hall of Fame Teammates
pecheneg
Trending Topics
Anime
NBA
Marvel
Disney
Crossword
Kpop
Harry Potter
WWE
Country
Soccer
Song
NFL
Pokémon
Puzzle
The Office
Your Account Isn't Verified!
In order to create a playlist on Sporcle, you need to verify the email address you used during registration. Go to your
Sporcle Settings
to finish the process.
Report this User
Report this user for behavior that violates our
Community Guidelines
.
Details:
Send Report
Go to the Sporcle.com Mobile Site →
Comments